Logo BPK

Biblioteka

Politechniki Koszalińskiej

Kodeks handlowy : (Rekord nr 29846)

Szczegóły MARC
000 -ETYKIETA REKORDU
podpole kontrolne o stałej długości 00497nam a2200181 i 4500
001 - NUMER KONTROLNY REKORDU
pole kontrolne bg
020 ## - MIĘDZYNARODOWY ZNORMALIZOWANY NUMER KSIĄŻKI - ISBN
ISBN 838562645X
040 ## - ŹRÓDŁO KATALOGOWANIA
Instytucja, która utworzyła rekord BPK
041 ## - KOD JĘZYKA
Kod języka tekstu pol
080 ## - UNIWERSALNA KLASYFIKACJA DZIESIĘTNA - UKD
UKD 347.7(094.4)
920 ## - Międzynarodowy znormalizowany numer książki – ISBN
ISBN 83-85626-45-X
008 - POLE O STAŁEJ DŁUGOŚCI - DANE KONTROLNE
podpole kontrolne o stałej długości s pl f |000 0 pol
245 #0 - TYTUŁ/ODPOWIEDZIALNOŚĆ
Tytuł Kodeks handlowy :
Ciąg dalszy tytułu z komentarzem : sierpień'92 /
Pozostałe elementy strefy tytułu i oznaczenia odpowiedzialności komentarz Andrzej Nowak.
260 ## - STREFA ADRESU WYDAWNICZEGO
Miejsce wydania Warszawa ; Poznań :
Nazwa wydawcy/dystrybutora "Ławica",
Data publikacji, dystrybucji/powstania dokumentu 1992.
300 ## - STREFA OPISU FIZYCZNEGO
Objętość 279, [1] s. ;
Rozmiary 20 cm.
700 1# - HASŁO DODATKOWE - NAZWA OSOBOWA
Nazwa osobowa NOWAK, Andrzej.
Określenie związku między hasłem a opisywanym materiałem komentarz
942 ## - DODATKOWE ELEMENTY (KOHA)
Typ dokumentu Książka
Egzemplarze
Wycofany Status egzemplarza Uszkodzony Dostępność Lokalizacja stała Lokalizacja bieżąca Miejsce przechowywania Sygnatura Kod kreskowy Typ dokumentu
      Dostępny Biblioteka Politechniki Koszalińskiej Biblioteka Politechniki Koszalińskiej Wypożyczalnia BG 36243 01802535 Książka
© 2023 Biblioteka Politechniki Koszalińskiej :: KOHA